ბათუმის შოთა რუსთაველის სახელმწიფო უნივერსიტეტის ბიბლიოთეკა

Roadmap B1+ : (ბიბ.ჩანაწერი № 59352)

000 -LEADER
fixed length control field 00640nam a22002057a 4500
003 - CONTROL NUMBER IDENTIFIER
control field Ge_BSU
005 - DATE AND TIME OF LATEST TRANSACTION
control field 20230126164527.0
008 - FIXED-LENGTH DATA ELEMENTS--GENERAL INFORMATION
fixed length control field 230126s2019 enk||||| |||| 00| 0 eng d
020 ## - INTERNATIONAL STANDARD BOOK NUMBER
International Standard Book Number 9781292393100
041 ## - LANGUAGE CODE
Language code of text/sound track or separate title eng
080 ## - UNIVERSAL DECIMAL CLASSIFICATION NUMBER
Universal Decimal Classification number 811.111.1 D-94
100 ## - MAIN ENTRY--PERSONAL NAME
Personal name Dellar, Hugh
9 (RLIN) 16811
245 ## - TITLE STATEMENT
Title Roadmap B1+ :
Remainder of title Students Book and interactive eBook /
Statement of responsibility, etc. Hugh Dellar, Andrew Walkley.
264 ## - PRODUCTION, PUBLICATION, DISTRIBUTION, MANUFACTURE, AND COPYRIGHT NOTICE
Place of production, publication, distribution, manufacture Harlow,
Date of production, publication, distribution, manufacture, or copyright notice 2019.
300 ## - PHYSICAL DESCRIPTION
Extent 176 p.:
Other physical details ill.;
Dimensions 30 sm.
653 ## - INDEX TERM--UNCONTROLLED
keyword ინგლისური ენის კურსი
700 ## - ADDED ENTRY--PERSONAL NAME
Personal name Walkley, Andrew
Relator term ავტორი
9 (RLIN) 16812
773 ## - HOST ITEM ENTRY
Title ნაჩუქარი
942 ## - ADDED ENTRY ELEMENTS (KOHA)
Source of classification or shelving scheme
Koha item type წიგნი
ეგზემპლარები
Withdrawn status Lost status Source of classification or shelving scheme Damaged status Not for loan Permanent Location Current Location Shelving location Date acquired Cost, normal purchase price Full call number Barcode Date last seen Copy number Price effective from Koha item type Public note
          ბათუმის შოთა რუსთაველის სახელმწიფო უნივერსიტეტის მთავარი ბიბლიოთეკა ბათუმის შოთა რუსთაველის სახელმწიფო უნივერსიტეტის მთავარი ბიბლიოთეკა წიგნსაცავი 2023-01-26 10.00 811.111.1 D-94 63599 2023-01-26 63599 2023-01-26 წიგნი 10 ლ.